Rodičovský príspevok

Bibliographic Details
Main Author: Vojteková, Edita (Author)
Format: Article
Language:Slovak
Subjects:

MARC

LEADER 00000nab a2200000 a 4500
001 vtls000609867
003 SK-MaSNL
005 20260304095258.0
008 250425c1996 xo 0 slo
015 |a SNBRB19rr/mm-uuuuu 
035 |a CL0610006 
035 |a urn:nbn:sk:snk-ab77xh 
035 |a (uuid)ec6d6a7e-9de7-4941-9a05-fb8e2376e17f 
035 |a (urnnbn)urn:nbn:sk:snk:ar-a074xy 
035 |a (sysno)vtls000609867 
040 |a SNKBUCL  |b slo  |c SNKBUCL  |e AACR2 
041 0 |a slo 
044 |a xo  |c SK 
080 |a 362.174.058.2  |2 1981 
100 1 |a Vojteková, Edita  |4 aut  |9 9245 
245 1 0 |a Rodičovský príspevok  |c Edita Vojteková 
650 0 7 |a príspevok rodičovský  |2 snkbucl  |9 998666 
655 7 |a články z novín a časopisov  |2 snkbucl  |9 267496 
773 0 |t Mzdy a financie  |g Č. 18-19 (1996), s. 55-58 
850 |a Slovenská národná knižnica 
852 |a Slovenská národná knižnica 
954 |a odborná, vedecká literatúra pôvodná (slovenská)  |2 lita 
958 |a article27 
958 |a RK 
958 |a OND 
958 |a EUIPO 
999 |c 2831817  |d 2833747